logo

Bir Sreshtho Munshi Abdur Rouf Library
Jhenaidah Cadet College

A textbook of Optics / (Record no. 8344)

MARC details
000 -LEADER
fixed length control field 00771cam a2200289 a 4500
001 - CONTROL NUMBER
JCCL Control Number 8344
003 - CONTROL NUMBER IDENTIFIER
JCCL marc code BD -JhCC
005 - DATE AND TIME OF LATEST TRANSACTION
control field 20180717094703.0
008 - FIXED-LENGTH DATA ELEMENTS--GENERAL INFORMATION
fixed length control field 880713s20091966enka 001 0 eng d
020 ## - INTERNATIONAL STANDARD BOOK NUMBER
International Standard Book Number 8121926114
035 ## - SYSTEM CONTROL NUMBER
system control number (BD-JhCC)8344
040 ## - CATALOGING SOURCE
Original cataloging agency BD-JhCC
Modifying agency BD-JhCC
041 ## - LANGUAGE CODE
Language code of Book eng
050 #0 - LIBRARY OF CONGRESS CALL NUMBER
Classification number QC355.2
082 ## - DEWEY DECIMAL CLASSIFICATION NUMBER
Classification number 535
DDC Edition number 19
Author mark and Year SUB 2009
100 1# - MAIN ENTRY--PERSONAL NAME
Personal name Subrahmanyam, N.
245 10 - TITLE STATEMENT
Title A textbook of Optics /
Statement of responsibility, etc N. Subrahmanyam and Brij Lal
260 ## - PUBLICATION, DISTRIBUTION, ETC. (IMPRINT)
Place of publication, distribution, etc Chichester :
Name of publisher, distributor, etc Wiley,
Date of publication, distribution, etc 2009
300 ## - PHYSICAL DESCRIPTION
Pagination 662 p. :
Other physical details ill. ;
Dimensions 21 cm.
500 ## - GENERAL NOTE
General note Text and ill. on lining papers.
500 ## - GENERAL NOTE
General note Previous ed.: 1971.
504 ## - BIBLIOGRAPHY, ETC. NOTE
Bibliography, etc Includes bibliography (p.[308]-309) and index.
650 #0 - SUBJECT ADDED ENTRY--TOPICAL TERM
Topical term or geographic name as entry element Optics.
700 ## - ADDED ENTRY--PERSONAL NAME
Personal name Lal, Brij
942 ## - ADDED ENTRY ELEMENTS (KOHA)
Source of classification or shelving scheme Dewey Decimal Classification
Koha item type Books
Holdings
Source of classification or shelving scheme Damaged status Not for loan Home library Current library Shelving location Date of accession Total Checkouts Full call number Barcode Date last seen Date checked out Copy number Koha item type
Dewey Decimal Classification     JCC Rouf Library JCC Rouf Library General Stacks 10/17/2023 1 535 SUB 2009 10953 10/31/2023 10/17/2023 C - 1 Books

JCC Library | Contacts | JCC Home

Last Update on 23 September 2017
Copyright @ 2017-2020 JCC Rouf Library
Rouf Library, Jhenidah Cadet College (JCC), Bangladesh